000 00337nam a2200133Ia 4500
005 20260328101530.0
008 260328s9999||||xx |||||||||||||| ||und||
100 _aDarlington, Robert P
245 0 _aModular Practice /
_cRobert P Darlington
260 _bJonh Wiley
300 _a198 p.
650 _aEDIFICACIONES ESCOLARES
942 _cBK
999 _c9954
_d9954